Les buteurs du PSG en 2024/25 - Statistiques

Statistiques générales
  • Ce quiz a été pris 345 fois
  • Le résultat moyen est 15 sur 18
Statistiques - réponses
Nombre de buts Buteur % Correct
33 Ousmane Dembélé
100%
21 Bradley Barcola
98%
15 Désiré Doué
97%
9 Achraf Hakimi
96%
5 João Neves
94%
6 Nuno Mendes
94%
8 Vitinha
94%
18 Gonçalo Ramos
93%
6 Fabian Ruiz
92%
3 Marquinhos
90%
6 Senny Mayulu
90%
7 Khvicha Kvaratskhelia
89%
3 Warren Zaïre-Emery
74%
7 Lee Kang-in
72%
1 Ibrahim Mbaye
62%
1 Lucas Beraldo
57%
2 Randal Kolo Muani
43%
2 Marco Asensio
32%
Aucun quiz correspondant
Distribution des résultats
% des personnes avec chaque résultat
Percentile par nombre de réponses
Votre historique - résultats
Vous n’avez pas pris ce quiz